ARRUPE JESUIT UNIVERSITY

CORONAVIRUS -STOP THE SPREAD - CLEAN,DISINFECT,COVER

Identity in physics : (Record no. 122998)

MARC details
000 -LEADER
fixed length control field 01293pam a22003494a 4500
001 - CONTROL NUMBER
control field 5794463
005 - DATE AND TIME OF LATEST TRANSACTION
control field 20150717115724.0
008 - FIXED-LENGTH DATA ELEMENTS--GENERAL INFORMATION
fixed length control field 060308s2006 enk b 001 0 eng
010 ## - LIBRARY OF CONGRESS CONTROL NUMBER
LC control number 2006008189
020 ## - INTERNATIONAL STANDARD BOOK NUMBER
International Standard Book Number 0199278245 (alk. paper)
024 3# - OTHER STANDARD IDENTIFIER
Standard number or code 9780199278244
035 ## - SYSTEM CONTROL NUMBER
System control number (OCoLC)OCM64688696
035 ## - SYSTEM CONTROL NUMBER
System control number (NNC)5794463
040 ## - CATALOGING SOURCE
Original cataloging agency DLC
Transcribing agency DLC
Modifying agency BAKER
-- BWKUK
042 ## - AUTHENTICATION CODE
Authentication code pcc
050 00 - LIBRARY OF CONGRESS CALL NUMBER
Classification number QC6.4.I34
Item number F74 2006
082 00 - DEWEY DECIMAL CLASSIFICATION NUMBER
Classification number 530.01
Edition number 22
100 1# - MAIN ENTRY--PERSONAL NAME
Personal name French, Steven.
9 (RLIN) 18384
245 10 - TITLE STATEMENT
Title Identity in physics :
Remainder of title a historical, philosophical, and formal analysis /
Statement of responsibility, etc by Steven French and Décio Krause.
260 ## - PUBLICATION, DISTRIBUTION, ETC. (IMPRINT)
Place of publication, distribution, etc Oxford :
Name of publisher, distributor, etc Clarendon Press ;
Place of publication, distribution, etc Oxford ;
-- New York :
Name of publisher, distributor, etc Oxford University Press,
Date of publication, distribution, etc 2006.
300 ## - PHYSICAL DESCRIPTION
Extent xv, 422 p. ;
Dimensions 26 cm.
504 ## - BIBLIOGRAPHY, ETC. NOTE
Bibliography, etc Includes bibliographical references (p. [385]-413) and index.
650 #0 - SUBJECT ADDED ENTRY--TOPICAL TERM
Topical term or geographic name as entry element Physics
General subdivision Philosophy.
9 (RLIN) 18385
650 #0 - SUBJECT ADDED ENTRY--TOPICAL TERM
Topical term or geographic name as entry element Identity (Philosophical concept)
9 (RLIN) 1396
650 #0 - SUBJECT ADDED ENTRY--TOPICAL TERM
Topical term or geographic name as entry element Individuality.
9 (RLIN) 14502
700 1# - ADDED ENTRY--PERSONAL NAME
Personal name Krause, Decio.
9 (RLIN) 18386
856 42 - ELECTRONIC LOCATION AND ACCESS
Materials specified Publisher description
Uniform Resource Identifier <a href="http://www.loc.gov/catdir/enhancements/fy0640/2006008189-d.html">http://www.loc.gov/catdir/enhancements/fy0640/2006008189-d.html</a>
856 41 - ELECTRONIC LOCATION AND ACCESS
Materials specified Table of contents
Uniform Resource Identifier <a href="http://www.loc.gov/catdir/enhancements/fy0640/2006008189-t.html">http://www.loc.gov/catdir/enhancements/fy0640/2006008189-t.html</a>
942 ## - ADDED ENTRY ELEMENTS (KOHA)
Source of classification or shelving scheme Library of Congress Classification
Item type Monograph ( Printed materials)
948 1# - LOCAL PROCESSING INFORMATION (OCLC); SERIES PART DESIGNATOR (RLIN)
Series part designator, SPT (RLIN) 20060829
b (OCLC) c
c (OCLC) sds12
d (OCLC) MPS
Holdings
Withdrawn status Lost status Source of classification or shelving scheme Damaged status Not for loan Collection code Home library Current library Shelving location Date acquired Total Checkouts Full call number Barcode Date last seen Price effective from Koha item type
    Library of Congress Classification     Main Collection ARRUPE LIBRARY ARRUPE LIBRARY Main Collection 17/07/2015   QC6.4.I34 F74 2006 46500004445 02/07/2019 17/07/2015 Monograph ( Printed materials)

 

Arrupe Library. PO Box MP320 Mt Pleasant, Harare, Zimbabwe
263 242 745411|librarian@aju.ac.zw